Najczęściej odtwarzane utwory na Spotify - Statystyki

Ogólne statystyki
  • Ten quiz został rozwiązany 30 razy
  • Średni wynik to 31 z 50
Statystyki odpowiedzi
# Piosenka Wykonawca % Poprawnych
4.788 mld Shape of You Ed Sheeran
100%
3.847 mld Perfect Ed Sheeran
100%
3.316 mld Photograph Ed Sheeran
100%
3.041 mld Thinking out Loud Ed Sheeran
100%
3.459 mld Die With A Smile Lady Gaga / Bruno Mars
88%
5.297 mld Blinding Lights The Weeknd
88%
4.388 mld Starboy The Weeknd
88%
3.165 mld Die for You The Weeknd
88%
3.141 mld Just the Way You Are Bruno Mars
84%
3.074 mld Locked Out Of Heaven Bruno Mars
84%
3.054 mld That's What I Like Bruno Mars
84%
3.026 mld When I Was Your Man Bruno Mars
84%
3.757 mld Believer Imagine Dragons
80%
3.529 mld Something Just Like This The Chainsmokers / Coldplay
76%
4.269 mld As It Was Harry Styles
72%
3.212 mld Watermelon Sugar Harry Styles
72%
3.366 mld Take Me To Church Hozier
72%
3.334 mld Rockstar Post Malone
72%
3.086 mld Circles Post Malone
72%
4.137 mld Sunflower Post Malone / Swae Lee
72%
3.605 mld Yellow Coldplay
68%
3.201 mld Viva La Vida Coldplay
68%
3.021 mld Shallow Lady Gaga / Bradley Cooper
68%
3.069 mld Bohemian Rhapsody Queen
68%
3.810 mld Stay The Kid Laroi / Justin Bieber
68%
3.511 mld Birds of a Feather Billie Eilish
64%
3.663 mld Lovely Billie Eilish / Khalid
64%
3.355 mld Counting Stars OneRepublic
64%
3.079 mld Love Yourself Justin Bieber
60%
3.312 mld Every Breath You Take The Police
60%
3.254 mld Señorita Shawn Mendes / Camila Cabello
56%
3.256 mld Cruel Summer Taylor Swift
56%
4.064 mld One Dance Drake
52%
3.164 mld Don't Start Now Dua Lipa
52%
3.219 mld Can't Hold Us Macklemore / Ryan Lewis
52%
3.028 mld In The End Linkin Park
48%
3.071 mld Goosebumps Travis Scott / Kendrick Lamar
48%
3.625 mld I Wanna Be Yours Arctic Monkeys
44%
4.410 mld Sweater Weather The Neighbourhood
44%
3.615 mld Closer The Chainsmokers
40%
3.144 mld Iris The Goo Goo Dolls
40%
3.671 mld Heat Waves Glass Animals
36%
3.449 mld Another Love Tom Odell
36%
3.521 mld Riptide Vance Joy
36%
3.077 mld Lucid Dreams Juice Wrld
32%
3.398 mld Dance Monkey Tones and I
28%
4.238 mld Someone You Loved Lewis Capaldi
24%
3.535 mld Say You Won't Let Go James Arthur
20%
3.615 mld The Night We Met Lord Huron
20%
3.034 mld Mr. Brightside The Killers
16%
Nie znaleziono quizów pasujących do podanych kryteriów
Rozkład punktacji
Procent ludzi z każdym wynikiem
Percentyl według liczby udzielonych odpowiedzi
Twoja historia wyników
Nie rozwiązałeś tego quizu